| 000 | 00524nam a22001577a 4500 | ||
|---|---|---|---|
| 082 |
_a621.3 _bMUH |
||
| 100 |
_aMuhammad Faisal Baig (362549) _9119465 |
||
| 245 | _aCo-optimization of Battery Energy Storage System Incorporated with Dynamic Thermal Line Rating and Demand Response / | ||
| 264 |
_aIslamabad : _bUSPCAS-E, NUST _cOctober, 2023. |
||
| 300 |
_axii, 50 p. _e+CD |
||
| 520 | _aTH-534 | ||
| 650 | _aMS EEP Thesis | ||
| 650 |
_aMS Thesis _918721 |
||
| 700 |
_aDr. Hassan Abdullah Khalid _928912 |
||
| 942 |
_2ddc _cTHE |
||
| 999 |
_c607161 _d607161 |
||